| 000 | 00739nam a22002297a 4500 | ||
|---|---|---|---|
| 003 | OSt | ||
| 005 | 20230925090730.0 | ||
| 008 | 221006b |||||||| |||| 00| 0 eng d | ||
| 040 | _cLado V | ||
| 082 |
_a707 _bL864t |
||
| 100 |
_9260 _aLopez, Mateo _eautor |
||
| 245 | _aTopografía Anecdotica/ | ||
| 260 |
_bGalería Casas Riegner _c2008 _aBogotá |
||
| 300 |
_c23x31cm _a77p. |
||
| 366 | _espa | ||
| 505 | _tPresentación | ||
| 650 |
_2Tesauro de Arte & Arquitectura _aARTE _9703 |
||
| 650 |
_2Tesauro de Arte & Arquitectura _aENSEÑANZA _9702 |
||
| 650 |
_2Tesauro de Arte & Arquitectura _aEDUCACIÓN _9702 |
||
| 650 |
_2Tesauro de Arte & Arquitectura _aCUADERNO EDUCATIVO _9703 |
||
| 942 |
_2ddc _c1 _h707 _iL864t _n0 |
||
| 999 |
_c4376 _d4376 |
||